Electronics letters (Record no. 60611)
[ view plain ]
| 000 -LEADER | |
|---|---|
| fixed length control field | 00337nam a22001097a 4500 |
| 008 - FIXED-LENGTH DATA ELEMENTS--GENERAL INFORMATION | |
| fixed length control field | 230912b |||||||| |||| 00| 0 eng d |
| 022 ## - INTERNATIONAL STANDARD SERIAL NUMBER | |
| International Standard Serial Number | 0013-5194 |
| 040 ## - CATALOGING SOURCE | |
| Original cataloging agency | National Science Library |
| Transcribing agency | National Science Library |
| 245 ## - TITLE STATEMENT | |
| Title | Electronics letters |
| 260 ## - PUBLICATION, DISTRIBUTION, ETC. | |
| Place of publication, distribution, etc. | Scotland: |
| Name of publisher, distributor, etc. | The Institution of Engineering and Technology |
| 942 ## - ADDED ENTRY ELEMENTS (KOHA) | |
| Koha item type | Continuing Resources |
| Source of classification or shelving scheme | Universal Decimal Classification |
| Withdrawn status | Lost status | Materials specified (bound volume or other part) | Damaged status | Not for loan | Home library | Current library | Shelving location | Date acquired | Total Checkouts | Barcode | Date last seen | Price effective from | Koha item type |
|---|---|---|---|---|---|---|---|---|---|---|---|---|---|
| Vol. 45 (10-17), 2009 | National Science Library | National Science Library | FF/Rk-57/C-12/R-5 | 11/09/2014 | 248152 | 12/09/2023 | 11/09/2014 | Continuing Resources | |||||
| Vol. 43 (10-18), 2007 | National Science Library | National Science Library | FF/Rk-57/C-12/R-5 | 11/09/2014 | 248146 | 12/09/2023 | 11/09/2014 | Continuing Resources | |||||
| Vol. 43 (19-25), 2007 | National Science Library | National Science Library | FF/Rk-57/C-12/R-5 | 11/09/2014 | 248147 | 12/09/2023 | 11/09/2014 | Continuing Resources | |||||
| Vol. 43 (1-9), 2007 | National Science Library | National Science Library | FF/Rk-57/C-12/R-5 | 11/09/2014 | 248145 | 12/09/2023 | 11/09/2014 | Continuing Resources | |||||
| Vol. 48 (10-17), 2012 | National Science Library | National Science Library | FF/Rk-57/C-12/R-5 | 11/09/2014 | 248161 | 12/09/2023 | 11/09/2014 | Continuing Resources | |||||
| Vol. 44 (1-9), 2008 | National Science Library | National Science Library | FF/Rk-57/C-12/R-5 | 11/09/2014 | 248148 | 12/09/2023 | 11/09/2014 | Continuing Resources | |||||
| Vol. 42 (1-9), 2006 | National Science Library | National Science Library | FF/Rk-57/C-12/R-5 | 11/09/2014 | 248142 | 12/09/2023 | 11/09/2014 | Continuing Resources | |||||
| Vol. 42 (19-25), 2006 | National Science Library | National Science Library | FF/Rk-57/C-12/R-5 | 11/09/2014 | 248144 | 12/09/2023 | 11/09/2014 | Continuing Resources | |||||
| Vol. 44 (10-18), 2008 | National Science Library | National Science Library | FF/Rk-57/C-12/R-5 | 11/09/2014 | 248149 | 12/09/2023 | 11/09/2014 | Continuing Resources | |||||
| Vol. 47 (19-25), 2011 | National Science Library | National Science Library | FF/Rk-57/C-12/R-5 | 11/09/2014 | 248159 | 12/09/2023 | 11/09/2014 | Continuing Resources | |||||
| Vol. 48 (1-9), 2012 | National Science Library | National Science Library | FF/Rk-57/C-12/R-5 | 11/09/2014 | 248160 | 12/09/2023 | 11/09/2014 | Continuing Resources | |||||
| Vol. 42 (10-18), 2006 | National Science Library | National Science Library | FF/Rk-57/C-12/R-5 | 11/09/2014 | 248143 | 12/09/2023 | 11/09/2014 | Continuing Resources | |||||
| Vol. 44 (19-25), 2008 | National Science Library | National Science Library | FF/Rk-57/C-12/R-5 | 11/09/2014 | 248150 | 12/09/2023 | 11/09/2014 | Continuing Resources | |||||
| Vol. 48 (18-25), 2012 | National Science Library | National Science Library | FF/Rk-57/C-12/R-5 | 11/09/2014 | 248162 | 12/09/2023 | 11/09/2014 | Continuing Resources | |||||
| Vol. 46 (19-25), 2010 | National Science Library | National Science Library | FF/Rk-57/C-12/R-5 | 11/09/2014 | 248156 | 12/09/2023 | 11/09/2014 | Continuing Resources | |||||
| Vol. 46 (1-9), 2010 | National Science Library | National Science Library | FF/Rk-57/C-12/R-5 | 11/09/2014 | 248154 | 12/09/2023 | 11/09/2014 | Continuing Resources | |||||
| Vol. 46 (10-18), 2010 | National Science Library | National Science Library | FF/Rk-57/C-12/R-5 | 11/09/2014 | 248155 | 12/09/2023 | 11/09/2014 | Continuing Resources | |||||
| Vol. 45 (19-25), 2009 | National Science Library | National Science Library | FF/Rk-57/C-12/R-5 | 11/09/2014 | 248153 | 12/09/2023 | 11/09/2014 | Continuing Resources | |||||
| Vol. 47 (1-9), 2011 | National Science Library | National Science Library | FF/Rk-57/C-12/R-5 | 11/09/2014 | 248157 | 12/09/2023 | 11/09/2014 | Continuing Resources | |||||
| Vol. 47 (10-18), 2011 | National Science Library | National Science Library | FF/Rk-57/C-12/R-5 | 11/09/2014 | 248158 | 12/09/2023 | 11/09/2014 | Continuing Resources | |||||
| Vol. 45 (1-9), 2009 | National Science Library | National Science Library | FF/Rk-57/C-12/R-5 | 11/09/2014 | 248151 | 12/09/2023 | 11/09/2014 | Continuing Resources | |||||
| Vol. 41 (13-18), 2005 | National Science Library | National Science Library | FF/Rk-57/C-12/R-5 | 07/12/2007 | 238726 | 12/09/2023 | 07/12/2007 | Continuing Resources | |||||
| Vol. 41 (19-25), 2005 | National Science Library | National Science Library | FF/Rk-57/C-12/R-5 | 07/12/2007 | 238727 | 12/09/2023 | 07/12/2007 | Continuing Resources | |||||
| Vol. 41 (7-12), 2005 | National Science Library | National Science Library | FF/Rk-57/C-12/R-5 | 07/12/2007 | 238725 | 12/09/2023 | 07/12/2007 | Continuing Resources | |||||
| Vol. 41 (1-6), 2005 | National Science Library | National Science Library | FF/Rk-57/C-12/R-5 | 07/12/2007 | 238724 | 04/09/2024 | 07/12/2007 | Continuing Resources | |||||
| Vol. 24, 1988 | National Science Library | National Science Library | FF/Rk-57/C-13/R-1 | 15/04/2004 | 158646 | 13/09/2023 | 15/04/2004 | Continuing Resources | |||||
| Vol. 40 (9-12), 2004 | National Science Library | National Science Library | FF/Rk-57/C-13/R-2 | 25/11/2005 | 225042 | 13/09/2023 | 25/11/2005 | Continuing Resources | |||||
| Vol. 40 (17-20), 2004 | National Science Library | National Science Library | FF/Rk-57/C-13/R-2 | 25/11/2005 | 225044 | 13/09/2023 | 25/11/2005 | Continuing Resources | |||||
| Vol. 40 (13-16), 2004 | National Science Library | National Science Library | FF/Rk-57/C-13/R-2 | 25/11/2005 | 225043 | 13/09/2023 | 25/11/2005 | Continuing Resources | |||||
| Vol. 40 (21-25), 2004 | National Science Library | National Science Library | FF/Rk-57/C-13/R-2 | 25/11/2005 | 225045 | 13/09/2023 | 25/11/2005 | Continuing Resources | |||||
| Vol. 40 (5-8), 2004 | National Science Library | National Science Library | FF/Rk-57/C-13/R-2 | 25/11/2005 | 225041 | 13/09/2023 | 25/11/2005 | Continuing Resources | |||||
| Vol. 3, 1967 | National Science Library | National Science Library | FF/Rk-17/C-20/R-5 | 25/11/2005 | 46085 | 13/09/2023 | 25/11/2005 | Continuing Resources | |||||
| Vol. 40 (1-4), 2004 | National Science Library | National Science Library | FF/Rk-17/C-24/R-3 | 25/11/2005 | 225040 | 04/09/2024 | 25/11/2005 | Continuing Resources |